Language Quiz

Random Language Quiz
Score 0/10 Timer 15:00
0 Plays Today
Question Answer Wrong Answers
Complete the blank for “We have a bird.” Έχουμε _______ πουλί. ένα
80%
μια
10%
ο
0%
ή
10%
Complete the translation of “The watermelon is delicious.” Το καρπούζι _______ νόστιμο. είναι
80%
είμαι
10%
είσαι
0%
έψιλο
10%
Complete the translation of “I want to play.” ________ να παίξω. Θέλω
80%
Παίζω
0%
θέλει
20%
Θυμάμαι
0%
Complete the translation of “Your shirt is small.” Το πουκάμισό σου είναι ________. μικρό
70%
μικρά
0%
μικρός
10%
μέσα
20%
Mark the choice that states, “I have two birds.” Έχω δύο πουλιά.
70%
Έχω δώδεκα πουλιά.
20%
Έχω δύο πουλί
10%
Δεν έχω τα πουλιά.
0%
Which one states “He drinks the water,”? Αυτός πίνει το νερό.
70%
Πίνουμε το νερό.
10%
Το αγόρι πίνει το νερό.
10%
Πίνετε το νερό.
10%
Complete the translation of “Our cat is big”. Η γάτα _______ είναι μεγάλη. μας
70%
μου
20%
του
0%
τους
10%
Complete the translation of 'The apple is red.' Το μήλο είναι ________. κόκκινο
60%
κόκκινη
10%
κόκκινος
30%
κόκκινα
0%
Complete the translation of “I eat the bread.” _______ το ψωμί. Τρώω
60%
Πίνω
20%
Έχω
20%
Θέλω
0%
Complete the translation of “My chair is green.” Η καρέκλα μου είναι ________. πράσινη
60%
κόκκινη
10%
κόκκινο
0%
πράσινο
30%
Remove Ads.
Support Sporcle.
Get the best of Sporcle when you Go Orange. This ad-free experience offers more features, more stats, and more fun while also helping to support Sporcle. Thank you for becoming a member.

You're not logged in!

Compare scores with friends on all Sporcle quizzes.
OR
Log In

Sporcle TV

Today on Sporcle TV


Watch our educational content, quiz creation guides, and fun videos on Sporcle TV.

Show Comments

Extras

Created Apr 8, 2020ReportNominate
Tags:Greek

Top Quizzes Today


Score Distribution

Paid Content

Your Account Isn't Verified!

In order to create a playlist on Sporcle, you need to verify the email address you used during registration. Go to your Sporcle Settings to finish the process.

Report this User

Report this user for behavior that violates our Community Guidelines.

Details: